| 000 | 00569cam a2200217 a 4500 | ||
|---|---|---|---|
| 020 | _a9780882666426 | ||
| 020 | _a0882666428 | ||
| 040 | _cDLC | ||
| 082 | 0 | 0 | _a630 FAO 1987 C159 Or. |
| 100 | 1 | _aSchwenke, Karl | |
| 245 | 1 | 0 |
_aSuccessful small-scale farming : _ban organic approach / |
| 250 | _aSecond edition. | ||
| 300 |
_ax, 134 pages : _billustrations ; _c28 cm. |
||
| 490 | 1 | _aA Down-to-earth book | |
| 650 | 0 | _aAgriculture | |
| 650 | 0 | _aOrganic farming | |
| 650 | 0 | _aAgriculture | |
| 650 | 0 | _aOrganic farming | |
| 650 | 0 | _aFarms, Small | |
| 942 | _cAEDBB | ||
| 999 |
_c19052 _d19052 |
||